000 00484nam a2200169 a 4500
001 2164
005 20140414131920.0
008 010320s19uu xx 00 eng d
050 _aER
_bOs1 1996
100 _aBenchley, Nathaniel
245 _aOscar Otter /
_cby Nathaniel Benchley ; illustrations by Arnold Lobel.
260 _aColumbus, Ohio :
_bWeekly Reader Books,
_c1966.
300 _a64 p. : ill. ; cm.
440 _aI Can Read Book
650 _aReading.
999 _c111714
_d111714